01337nam a2200241Ia 4500001000600000003000900006008004100015040001300056040001300069041001300082100001300095100002900108245003000137245003000167250001100197260001100208260001600219260004900235300005700284500069600341650002701037650003101064H7292IT-RoPAU130308s9999 xx 000 0 und d aIT-RoPAU cIT-RoPAU aITALIANO aFo Dario gCodice Aut. SPICS: 6571 aDiavolo con le zinne (Il) bDiavolo con le Zinne (Il) a1a ed. aMILANO bRCS Editore c2006 [1° Ed.:2006 - Ed.Ling.Originale:1998] a"186 p. (prefazione: no ; testo: 186 [pagine: 0-0])" aUn giudice Laico e Incorruttibile, Operante in una Cinquecentesca Città Padana, viene Preso di Mira da Due Diavoli che Vorrebbero Possederlo per Corromperlo. Ma per un Intreccio di Errori, Invece di Entrare nel Corpo del Giudice, Uno di Loro si Introduce, Seguendo Il classico e poco Igienico Percorso di una Supposta, in Quello della Sua vecchia e Segaligna serva Pizzocca, Facendole Spuntare Seni e Glutei da imprevedibile Maggiorata. Costretto Acambiare Programma, Il Demonio Tenterà di Corrompere Il giudice Attraverso di Lei. La commedia è Andata in scena per la Prima Volta al Teatro Vittorio Emanuele di Messina nell'Agosto del 1997. Il Volume è Allegato al Dvd N. 9946/H7293. aAUTORI/OPERE DI TEATRO eCodice materia Spics: 8407